Central Library OPAC University of Rajshahi

Agricultural Marketing / (Record no. 73620)

MARC details
000 -LEADER
fixed length control field 00755nam a2200241 a 4500
001 - CONTROL NUMBER
control field 73620
003 - CONTROL NUMBER IDENTIFIER
rucl marc code BD-RJUL
005 - DATE AND TIME OF LATEST TRANSACTION
control field 20211209082423.0
008 - FIXED-LENGTH DATA ELEMENTS--GENERAL INFORMATION
fixed length control field 170605s1951 E a bs 001 0 eng d
035 ## - SYSTEM CONTROL NUMBER
System control number (BD-RJUL)73838
040 ## - CATALOGING SOURCE
Original cataloging agency DLC
Transcribing agency DLC
Language of cataloging eng
Modifying agency BD-RJUL
041 ## - LANGUAGE CODE
Language code of text/sound track or separate title eng
082 ## - DEWEY DECIMAL CLASSIFICATION NUMBER
Classification number 381.41
Edition number 23
Author mark and year THA 1951
100 ## - MAIN ENTRY--PERSONAL NAME
Personal name Thomsen,Frederick Lundy
9 (RLIN) 217889
245 00 - TITLE STATEMENT
Title Agricultural Marketing /
Statement of responsibility, etc. Frederick Lundy Thomsen
260 ## - PUBLICATION, DISTRIBUTION, ETC. (IMPRINT)
Place of publication, distribution, etc. Washington, D.C :
Name of publisher, distributor, etc. Mcgraw-hill,
Date of publication, distribution, etc. 1951.
300 ## - PHYSICAL DESCRIPTION
Pagination x,483 p. :
Illustrations ill. ;
Size 28 cm
500 ## - GENERAL NOTE
General note International Bank for Reconstruction and Development
504 ## - BIBLIOGRAPHY, ETC. NOTE
Bibliography, etc Includes bibliographical references & Index.
650 ## - SUBJECT ADDED ENTRY--TOPICAL TERM
Topical term or geographic name as entry element Products of agriculture
9 (RLIN) 217890
942 ## - ADDED ENTRY ELEMENTS (KOHA)
Source of classification or shelving scheme Dewey Decimal Classification
Koha item type Books
Holdings
Lost status Source of classification or shelving scheme Damaged status Not for loan Collection code Permanent Location Current Location Shelving location Date acquired Source of acquisition Cost, normal purchase price Total Checkouts Full call number Date last seen Copy number Koha item type
  Dewey Decimal Classification   Not For Loan Non-fiction Central Library, University of Rajshahi Central Library, University of Rajshahi Reading Room 02/02/1963 Zetlinger 58.00   381.41 THA 1951 05/06/2017 C-1 Books
  Dewey Decimal Classification     Non-fiction Central Library, University of Rajshahi Central Library, University of Rajshahi   03/11/1965 Zeitlinger 64.00   381.41 THA 1951 05/06/2017 C-2 Books
  Dewey Decimal Classification     Non-fiction Central Library, University of Rajshahi Central Library, University of Rajshahi   03/11/1965 Zetlinger 64.00   381.41 THA 1951 05/06/2017 C-3 Books
  Dewey Decimal Classification     Non-fiction Central Library, University of Rajshahi Central Library, University of Rajshahi   02/02/1963 Zetlinger 58.00   381.41 THA 1951 05/06/2017 C-4 Books
  Dewey Decimal Classification     Non-fiction Central Library, University of Rajshahi Central Library, University of Rajshahi   03/11/1965 Zeitlinger 64.00   381.41 THA 1951 03/01/2019 C-5 Books
  Dewey Decimal Classification     Non-fiction Central Library, University of Rajshahi Central Library, University of Rajshahi   07/01/2019 Zeitlinger 64.00   381.41 THA 1951 07/01/2019 C-6 Books